000 00318nam a22001337a 4500
020 _a978-1848872790
082 _a920
_bMAR/B
100 _aMARANISS,DAVID
245 _aBARACK OBAMA
_bTHE MAKING OF THE MAN
260 _aLONDON
_bATLANTIC BOOKS
300 _a641
650 _aLIFE OF BARACK OBAMA
_zLONDON
942 _cBK
999 _c5619
_d5619